Statistics for Quiz about Japan

Click here to take the quiz!

General Stats

  • This quiz has been taken 27 times
  • The average score is 11 of 15

Answer Stats

HintAnswer% Correct
CapitalTokyo
100%
Highest mountainMount Fuji
96%
CurrencyYen
96%
First city to be hit by an atomic bombHiroshima
85%
Largest islandHonshu
85%
The 2nd oneNagasaki
85%
In 1979, he was the only monarch with the title " Emperor "Hirohito
81%
2nd largest islandHokkaido
81%
3rd largest city in JapanOsaka
81%
3rd largest islandKyushu
65%
Hereditary military nobility of midieval and early-modern JapanSamurai
65%
Body of water, West of JapanSea of Japan
62%
2nd largest city in JapanYokohama
58%
4th largest city in JapanNagoya
54%
4th largest islandShikoku
42%

Score Distribution

Percentile by Number Answered

Percent of People with Each Score

Your Score History

You have not taken this quiz